[Event "V Open Semana Santa Alicante 2021"]
[Site "Alicante"]
[Date "2021.03.31"]
[Round "1.1"]
[White "Dura Olmos, Gines Raul"]
[Black "Santos Ruiz, Miguel"]
[Result "0-1"]
[WhiteElo "1940"]
[BlackElo "2592"]
[Annotator "TA"]
[PlyCount "152"]
[EventDate "2021.03.31"]
[EventType "swiss"]
[EventCountry "ESP"]
[SourceTitle "playchess.com"]
[Source "ChessBase"]
[SourceQuality "1"]

{[%evp 9,152,-35,-34,-45,-16,-36,-10,-16,-6,-8,0,-31,12,-33,10,-43,0,0,0,-15,-23,-36,-15,-61,0,-13,0,0,25,53,40,-34,-29,-39,-27,-94,-106,-125,-134,-118,-116,-131,-146,-138,-109,-203,-202,-185,-182,-193,-180,-210,-95,-110,-125,-142,-124,-319,-283,-235,-99,-101,-85,-82,-91,-396,-356,-415,-377,-414,-407,-443,-443,-428,-355,-337,0,-419,-404,-363,-363,-508,-421,-413,0,-390,-486,-434,-379,-623,-607,-598,-599,-5073,-5073,-4175,-4175,-1818,-805,-29976,-29977,-29977,-29978,-29980,-29981,-29981,-29982,-29982,-29983,-29983,-29984,-29984,-29984,-29985,-29985,-29985,-29983,-29987,-29988,-29988,-29989,-29991,-29992,-29992,-29993,-29993,-29994,-29994,-29993,-29993,-29988,-29988,-29988,-29988,-29989,-29990,-29991,-29991,-29992,-29994,-29995,-29997,-29997,-29998,-29999]} 1. Nf3 d5 2. c4 e6 3. g3 dxc4 4. Bg2 a6 5. a4 Nc6 6. b3 {A13: English Opening: 1...e6.} cxb3 {With the idea ...e5.} 7. Qxb3 {[#]} Qd5 $146 ({Predecessor:} 7... Nf6 8. O-O e5 9. Ng5 Qd7 10. Nc3 Na5 11. Qa2 Bd6 12. Nd5 Nxd5 13. Qxd5 Nc6 {½-½ (41) Zakaryan,D (2350)-Konaplev,A (2314) Sochi 2019}) 8. Qb2 {The position is equal.} Nf6 9. O-O Qh5 10. d3 e5 11. Bg5 Bd6 12. Nbd2 ({Better is} 12. Bxf6 $11 gxf6 13. Nc3) 12... O-O 13. Bxf6 gxf6 14. Ne4 {[%cal Bd2e4,Be4c3,Bc3d5][%mdl 32]} Be7 15. Rfc1 Rd8 16. Rc4 a5 17. Nc3 Bd6 18. Nd5 Qh6 19. Rh4 Qg7 20. Nd2 (20. Bh3 $14 Bxh3 21. Rxh3) 20... Ne7 $15 21. Ne3 f5 22. Rb1 (22. Rc1 $11) 22... f4 $17 23. Nec4 Ng6 $1 $36 {[%cal Rg6h4][%mdl 2048] Black is on the roll.} 24. Nxd6 cxd6 (24... Nxh4 25. Nxc8 Nxg2 26. Ne7+ Kh8 27. Nf3 $11 (27. Kxg2 Qf6 $11) (27. Qxb7 fxg3 28. Qxg2 Qg5 $17)) 25. Qb6 Be6 26. Rh5 Bg4 {[%csl LRe2,LRh5]} 27. Bf3 (27. Rg5 $17 Bxe2 28. Re1 Bxd3 29. Qxb7) 27... Bxh5 $19 28. Bxh5 fxg3 29. hxg3 Qh6 30. Ne4 d5 (30... f5 $1 $19 {[%cal Rf5e4] has better winning chances.} 31. Nxd6 Qxh5 32. Qb3+ Kh8 33. Nf7+ Kg7 34. Nxd8 Rxd8 35. Qxb7+ Kh6) 31. Nf6+ $17 Kg7 {aiming for ...Qg5.} 32. Bf3 {[#]} Nf4 33. Ng4 $2 (33. gxf4 $17 Qxf6 34. Qxf6+ Kxf6 35. Rb6+ Kf5 36. Bxd5) 33... Qxb6 $19 34. Rxb6 {[#]} Ng6 (34... e4 $1 $19 {[%cal Re4f3] is more deadly.} 35. gxf4 exf3 36. exf3 Ra6) 35. Ne3 $17 Ne7 36. Rxb7 Kf8 37. Rxe7 $2 {[%mdl 8192]} Kxe7 $19 38. Nxd5+ {[#]} Rxd5 $1 39. Bxd5 $17 {[%mdl 4096] Endgame KR-KB} Rb8 40. Kg2 Rb4 41. Bc6 Rb6 42. Bd5 Rb4 43. Bc6 Kd6 44. Be8 f6 45. Kf3 Ke7 46. Bc6 Kd6 47. Be8 Rb8 48. Bf7 Kc5 49. Ke4 $2 (49. Be6 Rb7 50. Bc8) 49... Kb4 $19 50. Kf5 Kxa4 51. Kxf6 Rf8 52. Kg7 {[#]} Rxf7+ $1 {[%mdl 512]} 53. Kxf7 {KP-KP} Kb5 (53... Kb3 $142 54. f4 exf4 55. gxf4 a4) 54. f4 exf4 {Black mates.} 55. gxf4 {K3P-KPP} a4 56. f5 a3 57. Kg8 a2 58. f6 a1=Q 59. f7 Qg1+ 60. Kxh7 Qh2+ 61. Kg6 Qg3+ 62. Kf6 Qf4+ 63. Kg7 Qg5+ 64. Kh7 Qf6 65. Kg8 {[#]} Qg6+ $1 66. Kf8 Kc6 67. Ke7 Qd6+ 68. Ke8 Qe6+ 69. Kf8 Qxe2 70. Kg7 Qg4+ 71. Kf6 Qf4+ 72. Kg7 Qg5+ 73. Kh7 Qf6 74. Kg8 Qg6+ 75. Kf8 Kd7 76. d4 Qh7 {[%cal Rh7h8] Weighted Error Value: White=0.55/Black=0.35} 0-1

[Event "V Open Semana Santa Alicante 2021"]
[Site "Alicante"]
[Date "2021.03.31"]
[Round "1.2"]
[White "Yuffa, Daniil"]
[Black "Duller Llopis, Jouke"]
[Result "1-0"]
[WhiteElo "2584"]
[BlackElo "1920"]
[Annotator "ChessBase"]
[PlyCount "45"]
[EventDate "2021.03.31"]
[EventType "swiss"]
[EventCountry "ESP"]
[SourceTitle "playchess.com"]
[Source "ChessBase"]
[SourceQuality "1"]
[TimeControl "5400+30"]

1. d4 {[%emt 0:00:00]} d5 {[%emt 0:00:00]} 2. c4 {[%emt 0:00:00]} e6 {[%emt 0:00:02]} 3. Nf3 {[%emt 0:00:00]} Nf6 {[%emt 0:00:25]} 4. g3 {[%emt 0:00:04]} Be7 {[%emt 0:01:40]} 5. Bg2 {[%emt 0:00:11]} O-O {[%emt 0:02:28]} 6. O-O {[%emt 0:06:54]} b6 {[%emt 0:01:43]} 7. cxd5 {[%emt 0:00:19]} Nxd5 {[%emt 0:01:38]} 8. e4 {[%emt 0:00:37]} Nf6 {[%emt 0:00:06]} 9. Nc3 {[%emt 0:00:23]} Bb7 {[%emt 0:00:12]} 10. Qc2 {[%emt 0:01:13]} c5 {[%emt 0:03:52]} 11. Rd1 {[%emt 0:01:50]} cxd4 {[%emt 0:04:32]} 12. Nxd4 {[%emt 0:00:11]} Nbd7 {[%emt 0:12:54]} 13. e5 {[%emt 0:02:22]} Nd5 {[%emt 0:00:13]} 14. Nxd5 {[%emt 0:00:57]} exd5 {[%emt 0:07:09]} 15. Nf5 {[%emt 0:02:41]} Nxe5 {[%emt 0:03:40]} 16. Bxd5 {[%emt 0:01:22]} Bxd5 {[%emt 0:03:14]} 17. Rxd5 {[%emt 0:00:13]} Nf3+ {[%emt 0:00:46]} 18. Kh1 {[%emt 0:00:15]} Qe8 {[%emt 0:03:29]} 19. Qe4 {[%emt 0:00:44]} Bg5 {[%emt 0:06:38]} 20. Qxf3 {[%emt 0:00:14]} Qe1+ {[%emt 0:00:43]} 21. Kg2 {[%emt 0:00:05]} Qxc1 {[%emt 0:12:29]} 22. Rxc1 {[%emt 0:00:23]} Bxc1 {[%emt 0:00:07]} 23. Qc3 {[%emt 0:00:07]} 1-0

[Event "V Open Semana Santa Alicante 2021"]
[Site "Alicante"]
[Date "2021.03.31"]
[Round "1.3"]
[White "Selva Salvador, Antonio"]
[Black "Narciso Dublan, Marc"]
[Result "0-1"]
[WhiteElo "1908"]
[BlackElo "2521"]
[Annotator "ChessBase"]
[PlyCount "60"]
[EventDate "2021.03.31"]
[EventType "swiss"]
[EventCountry "ESP"]
[SourceTitle "playchess.com"]
[Source "ChessBase"]
[SourceQuality "1"]
[TimeControl "5400+30"]

1. d4 {[%emt 0:02:19]} e6 {[%emt 0:00:38]} 2. g3 {[%emt 0:06:01]} f5 {[%emt 0:01:26]} 3. Nc3 {[%emt 0:02:00]} Bb4 {[%emt 0:01:02]} 4. a3 {[%emt 0:00:33]} Bxc3+ {[%emt 0:00:17]} 5. bxc3 {[%emt 0:00:05]} Nf6 {[%emt 0:00:30]} 6. Bg2 {[%emt 0:01:07]} O-O {[%emt 0:00:31]} 7. Bg5 {[%emt 0:05:43]} c5 {[%emt 0:06:31]} 8. e3 {[%emt 0:04:32]} Qc7 {[%emt 0:11:10]} 9. Ne2 {[%emt 0:01:35]} d6 {[%emt 0:00:30]} 10. Bxf6 {[%emt 0:03:38]} Rxf6 {[%emt 0:00:12]} 11. O-O {[%emt 0:00:34]} Nd7 {[%emt 0:06:08]} 12. Qb1 {[%emt 0:16:43]} Rb8 {[%emt 0:17:14]} 13. a4 {[%emt 0:06:59]} b6 {[%emt 0:02:18]} 14. Re1 {[%emt 0:05:55]} Bb7 {[%emt 0:02:54]} 15. Qa2 {[%emt 0:02:23]} Bxg2 {[%emt 0:01:13]} 16. Kxg2 {[%emt 0:00:07]} g5 {[%emt 0:07:24]} 17. c4 {[%emt 0:06:48]} Qb7+ {[%emt 0:08:47]} 18. d5 {[%emt 0:01:07]} a5 {[%emt 0:04:22]} 19. Rh1 {[%emt 0:08:37]} Rh6 {[%emt 0:01:53]} 20. h4 {[%emt 0:01:02]} gxh4 {[%emt 0:00:44]} 21. Nf4 {[%emt 0:03:06]} e5 {[%emt 0:00:59]} 22. Ne2 {[%emt 0:02:06]} Nf6 {[%emt 0:01:13]} 23. Rh3 {[%emt 0:02:14]} Qg7 {[%emt 0:10:56]} 24. Rah1 {[%emt 0:01:02]} Qg4 {[%emt 0:00:42]} 25. f3 {[%emt 0:02:34]} Qg5 {[%emt 0:00:30]} 26. Qb3 {[%emt 0:00:46]} e4 {[%emt 0:05:21]} 27. f4 {[%emt 0:02:42]} Qg4 {[%emt 0:00:42]} 28. Ng1 {[%emt 0:00:33]} Rg6 {[%emt 0:02:38]} 29. Rxh4 {[%emt 0:05:19]} Qxg3+ {[%emt 0:00:22]} 30. Kf1 {[%emt 0:00:08]} Ng4 {[%emt 0:00:41]} 0-1

[Event "V Open Semana Santa Alicante 2021"]
[Site "Alicante"]
[Date "2021.03.31"]
[Round "1.4"]
[White "Del Rio De Angelis, Salvador G."]
[Black "Perez Garcia, Jose Miguel"]
[Result "1-0"]
[WhiteElo "2510"]
[BlackElo "1906"]
[Annotator "ChessBase"]
[PlyCount "43"]
[EventDate "2021.03.31"]
[EventType "swiss"]
[EventCountry "ESP"]
[SourceTitle "playchess.com"]
[Source "ChessBase"]
[SourceQuality "1"]
[TimeControl "5400+30"]

1. d4 {[%emt 0:00:00]} Nf6 {[%emt 0:00:00]} 2. c4 {[%emt 0:00:28]} c5 {[%emt 0:01:05]} 3. d5 {[%emt 0:00:07]} b5 {[%emt 0:00:27]} 4. Nf3 {[%emt 0:00:12]} g6 {[%emt 0:01:42]} 5. Nbd2 {[%emt 0:00:09]} Bg7 {[%emt 0:01:29]} 6. e4 {[%emt 0:00:16]} d6 {[%emt 0:01:19]} 7. cxb5 {[%emt 0:00:23]} O-O {[%emt 0:01:22]} 8. a4 {[%emt 0:00:16]} a6 {[%emt 0:00:42]} 9. Ra3 {[%emt 0:00:11]} axb5 {[%emt 0:02:06]} 10. Bxb5 {[%emt 0:00:25]} Ba6 {[%emt 0:01:10]} 11. O-O {[%emt 0:00:14]} Bxb5 {[%emt 0:02:48]} 12. axb5 {[%emt 0:00:07]} Nbd7 {[%emt 0:01:01]} 13. Qb3 {[%emt 0:22:52]} Rb8 {[%emt 0:05:21]} 14. Nc4 {[%emt 0:04:33]} Nxe4 {[%emt 0:03:03]} 15. Na5 {[%emt 0:06:33]} Qb6 {[%emt 0:05:18]} 16. Nc6 {[%emt 0:00:13]} Qxb5 {[%emt 0:01:26]} 17. Nxb8 {[%emt 0:00:29]} Rxb8 {[%emt 0:03:39]} 18. Qxb5 {[%emt 0:00:51]} Rxb5 {[%emt 0:00:07]} 19. Ra8+ {[%emt 0:00:07]} Nf8 {[%emt 0:03:49]} 20. Re1 {[%emt 0:00:34]} f5 {[%emt 0:03:24]} 21. Ng5 {[%emt 0:00:31]} Bh6 {[%emt 0:04:53]} 22. Ne6 {[%emt 0:01:03]} 1-0

[Event "V Open Semana Santa Alicante 2021"]
[Site "Alicante"]
[Date "2021.03.31"]
[Round "1.5"]
[White "Yuste Valenzuela, Alejandro"]
[Black "Cuenca Jimenez, Jose Fernando"]
[Result "0-1"]
[WhiteElo "1906"]
[BlackElo "2506"]
[Annotator "ChessBase"]
[PlyCount "76"]
[EventDate "2021.03.31"]
[EventType "swiss"]
[EventCountry "ESP"]
[SourceTitle "playchess.com"]
[Source "ChessBase"]
[SourceQuality "1"]
[TimeControl "5400+30"]

1. e4 {[%emt 0:00:00]} e5 {[%emt 0:00:49]} 2. Nf3 {[%emt 0:00:00]} Nc6 {[%emt 0:00:03]} 3. d4 {[%emt 0:00:00]} exd4 {[%emt 0:00:06]} 4. Bc4 {[%emt 0:00:14]} Bc5 {[%emt 0:05:39]} 5. c3 {[%emt 0:00:20]} Nf6 {[%emt 0:01:39]} 6. e5 {[%emt 0:00:31]} d5 {[%emt 0:00:25]} 7. Bb5 {[%emt 0:01:05]} Ne4 {[%emt 0:00:43]} 8. cxd4 {[%emt 0:00:27]} Bb6 {[%emt 0:00:05]} 9. O-O {[%emt 0:02:57]} O-O {[%emt 0:04:04]} 10. Bxc6 {[%emt 0:07:13]} bxc6 {[%emt 0:00:22]} 11. Nc3 {[%emt 0:03:46]} f6 {[%emt 0:07:41]} 12. Qd3 {[%emt 0:16:33]} f5 {[%emt 0:16:51]} 13. Nd2 {[%emt 0:07:38]} a5 {[%emt 0:07:35]} 14. Ncxe4 {[%emt 0:14:44]} dxe4 {[%emt 0:10:20]} 15. Qc4+ {[%emt 0:02:48]} Kh8 {[%emt 0:01:07]} 16. Qxc6 {[%emt 0:04:53]} Ba6 {[%emt 0:05:47]} 17. d5 {[%emt 0:02:35]} Bxf1 {[%emt 0:01:24]} 18. Nxf1 {[%emt 0:00:16]} f4 {[%emt 0:01:24]} 19. d6 {[%emt 0:00:51]} Qh4 {[%emt 0:02:40]} 20. g3 {[%emt 0:03:03]} fxg3 {[%emt 0:02:31]} 21. hxg3 {[%emt 0:00:06]} Bxf2+ {[%emt 0:01:30]} 22. Kg2 {[%emt 0:00:04]} Qg4 {[%emt 0:01:34]} 23. Bf4 {[%emt 0:01:16]} Qf3+ {[%emt 0:00:39]} 24. Kh2 {[%emt 0:00:32]} cxd6 {[%emt 0:00:38]} 25. Nd2 {[%emt 0:04:34]} Qh5+ {[%emt 0:03:46]} 26. Kg2 {[%emt 0:00:14]} dxe5 {[%emt 0:00:17]} 27. Qxe4 {[%emt 0:07:45]} exf4 {[%emt 0:00:15]} 28. Rh1 {[%emt 0:00:17]} Qf5 {[%emt 0:00:33]} 29. Qxf5 {[%emt 0:00:33]} Rxf5 {[%emt 0:00:05]} 30. Kxf2 {[%emt 0:00:06]} fxg3+ {[%emt 0:00:03]} 31. Kxg3 {[%emt 0:00:07]} Rd8 {[%emt 0:00:23]} 32. Ne4 {[%emt 0:00:46]} Rd4 {[%emt 0:00:07]} 33. Rc1 {[%emt 0:01:01]} h6 {[%emt 0:00:10]} 34. Nc5 {[%emt 0:00:06]} Rd6 {[%emt 0:01:19]} 35. Ne4 {[%emt 0:00:54]} Rg6+ {[%emt 0:00:06]} 36. Kh4 {[%emt 0:00:06]} Kh7 {[%emt 0:00:51]} 37. Rc4 {[%emt 0:00:26]} Rf4+ {[%emt 0:00:31]} 38. Kh3 {[%emt 0:00:14]} Rgg4 {[%emt 0:00:17]} 0-1

[Event "V Open Semana Santa Alicante 2021"]
[Site "Alicante"]
[Date "2021.03.31"]
[Round "1.6"]
[White "Movsziszian, Karen"]
[Black "Roque Sola, Andrea"]
[Result "1-0"]
[WhiteElo "2471"]
[BlackElo "1894"]
[Annotator "ChessBase"]
[PlyCount "75"]
[EventDate "2021.03.31"]
[EventType "swiss"]
[EventCountry "ESP"]
[SourceTitle "playchess.com"]
[Source "ChessBase"]
[SourceQuality "1"]
[TimeControl "5400+30"]

1. g3 {[%emt 0:00:00]} c5 {[%emt 0:00:03]} 2. Bg2 {[%emt 0:00:06]} Nc6 {[%emt 0:00:06]} 3. d3 {[%emt 0:00:04]} g6 {[%emt 0:00:12]} 4. f4 {[%emt 0:00:05]} Bg7 {[%emt 0:00:21]} 5. Nf3 {[%emt 0:00:03]} e6 {[%emt 0:00:25]} 6. O-O {[%emt 0:00:23]} Nge7 {[%emt 0:00:11]} 7. e4 {[%emt 0:00:07]} O-O {[%emt 0:00:13]} 8. c3 {[%emt 0:00:03]} d5 {[%emt 0:00:45]} 9. Qe2 {[%emt 0:00:08]} b5 {[%emt 0:05:59]} 10. e5 {[%emt 0:08:33]} Rb8 {[%emt 0:03:32]} 11. d4 {[%emt 0:05:23]} c4 {[%emt 0:03:29]} 12. Be3 {[%emt 0:10:06]} a5 {[%emt 0:03:51]} 13. Bf2 {[%emt 0:02:20]} Qb6 {[%emt 0:04:21]} 14. Nbd2 {[%emt 0:00:53]} b4 {[%emt 0:03:17]} 15. g4 {[%emt 0:00:30]} f6 {[%emt 0:14:21]} 16. exf6 {[%emt 0:05:04]} Rxf6 {[%emt 0:02:44]} 17. Bg3 {[%emt 0:02:33]} Rb7 {[%emt 0:00:43]} 18. Rab1 {[%emt 0:03:49]} Bd7 {[%emt 0:07:49]} 19. h4 {[%emt 0:01:23]} Nc8 {[%emt 0:02:20]} 20. Bh3 {[%emt 0:03:46]} Rf8 {[%emt 0:02:48]} 21. Kh2 {[%emt 0:05:59]} Nd6 {[%emt 0:03:21]} 22. Ne5 {[%emt 0:06:13]} Nxe5 {[%emt 0:02:10]} 23. fxe5 {[%emt 0:00:31]} Nb5 {[%emt 0:00:37]} 24. Qe3 {[%emt 0:01:54]} Be8 {[%emt 0:01:32]} 25. g5 {[%emt 0:00:50]} Rbf7 {[%emt 0:00:34]} 26. Rf6 {[%emt 0:00:42]} Bd7 {[%emt 0:05:58]} 27. Bg4 {[%emt 0:04:58]} Bxf6 {[%emt 0:15:19]} 28. gxf6 {[%emt 0:00:12]} Be8 {[%emt 0:00:11]} 29. Nf3 {[%emt 0:01:17]} Nc7 {[%emt 0:02:30]} 30. Rg1 {[%emt 0:00:57]} Kh8 {[%emt 0:01:06]} 31. Bf4 {[%emt 0:01:01]} bxc3 {[%emt 0:01:35]} 32. bxc3 {[%emt 0:00:02]} Rd7 {[%emt 0:00:51]} 33. Bh6 {[%emt 0:00:14]} Rg8 {[%emt 0:00:20]} 34. Ng5 {[%emt 0:00:53]} Bf7 {[%emt 0:01:14]} 35. Rf1 {[%emt 0:01:52]} Rb8 {[%emt 0:01:40]} 36. Bg7+ {[%emt 0:05:04]} Kg8 {[%emt 0:00:02]} 37. Nxh7 {[%emt 0:00:09]} Be8 {[%emt 0:02:37]} 38. Qh6 {[%emt 0:01:17]} 1-0

[Event "V Open Semana Santa Alicante 2021"]
[Site "Alicante"]
[Date "2021.03.31"]
[Round "1.7"]
[White "Sanleon Pravisano, Nieves"]
[Black "Diaz Camallonga, Carles"]
[Result "0-1"]
[WhiteElo "1888"]
[BlackElo "2469"]
[Annotator "ChessBase"]
[PlyCount "62"]
[EventDate "2021.03.31"]
[EventType "swiss"]
[EventCountry "ESP"]
[SourceTitle "playchess.com"]
[Source "ChessBase"]
[SourceQuality "1"]
[TimeControl "5400+30"]

1. d4 {[%emt 0:00:00]} e6 {[%emt 0:00:00]} 2. c4 {[%emt 0:00:00]} Nf6 {[%emt 0:00:00]} 3. Nf3 {[%emt 0:00:15]} Bb4+ {[%emt 0:00:23]} 4. Bd2 {[%emt 0:00:06]} a5 {[%emt 0:00:09]} 5. g3 {[%emt 0:00:13]} d6 {[%emt 0:00:16]} 6. Bg2 {[%emt 0:00:20]} Nbd7 {[%emt 0:00:04]} 7. O-O {[%emt 0:01:33]} e5 {[%emt 0:00:24]} 8. a3 {[%emt 0:03:29]} Bxd2 {[%emt 0:00:06]} 9. Nbxd2 {[%emt 0:00:07]} exd4 {[%emt 0:01:43]} 10. Nxd4 {[%emt 0:00:16]} a4 {[%emt 0:00:06]} 11. Bc6 {[%emt 0:18:03]} h5 {[%emt 0:13:32]} 12. N2f3 {[%emt 0:13:57]} O-O {[%emt 0:02:21]} 13. Bxa4 {[%emt 0:01:34]} Nc5 {[%emt 0:09:33]} 14. Bc2 {[%emt 0:02:29]} Bh3 {[%emt 0:00:46]} 15. Re1 {[%emt 0:04:41]} Nce4 {[%emt 0:00:06]} 16. Bxe4 {[%emt 0:03:43]} Nxe4 {[%emt 0:00:07]} 17. Qc2 {[%emt 0:01:27]} Qe7 {[%emt 0:04:42]} 18. Nh4 {[%emt 0:13:42]} Rae8 {[%emt 0:03:43]} 19. e3 {[%emt 0:09:49]} g5 {[%emt 0:06:51]} 20. Ng2 {[%emt 0:01:53]} c5 {[%emt 0:14:18]} 21. Nb5 {[%emt 0:02:10]} Bg4 {[%emt 0:00:58]} 22. Nc3 {[%emt 0:03:13]} Bf3 {[%emt 0:04:51]} 23. Nxe4 {[%emt 0:01:30]} Bxe4 {[%emt 0:00:07]} 24. Qe2 {[%emt 0:00:43]} Qf6 {[%emt 0:05:07]} 25. h4 {[%emt 0:05:48]} Re5 {[%emt 0:03:17]} 26. Qxh5 {[%emt 0:04:38]} Bf3 {[%emt 0:02:03]} 27. hxg5 {[%emt 0:00:21]} Rxg5 {[%emt 0:00:10]} 28. Qh4 {[%emt 0:00:38]} Kg7 {[%emt 0:00:15]} 29. Qf4 {[%emt 0:04:04]} Rh8 {[%emt 0:00:27]} 30. Nh4 {[%emt 0:02:49]} Qxf4 {[%emt 0:00:19]} 31. exf4 {[%emt 0:00:04]} Rxh4 {[%emt 0:00:05]} 0-1

[Event "V Open Semana Santa Alicante 2021"]
[Site "Alicante"]
[Date "2021.03.31"]
[Round "1.8"]
[White "Ladron De Guevara Pinto, Paolo"]
[Black "Navarro Molina, Carmelo Jose"]
[Result "1-0"]
[WhiteElo "2440"]
[BlackElo "1874"]
[Annotator "NA"]
[PlyCount "93"]
[EventDate "2021.03.31"]
[EventType "swiss"]
[EventCountry "ESP"]
[SourceTitle "playchess.com"]
[Source "ChessBase"]
[SourceQuality "1"]
[TimeControl "5400+30"]

1. e4 {[%emt 0:00:00]} c5 {[%emt 0:00:00]} 2. Nf3 {[%emt 0:00:00]} d6 {[%emt 0:00:26]} 3. d4 {[%emt 0:00:04]} cxd4 {[%emt 0:00:07]} 4. Nxd4 {[%emt 0:00:05]} Nf6 {[%emt 0:00:05]} 5. Nc3 {[%emt 0:00:08]} a6 {[%emt 0:00:05]} 6. h3 {[%emt 0:00:36]} e6 {[%emt 0:00:13]} 7. g4 {[%emt 0:00:13]} d5 {[%emt 0:00:05]} 8. exd5 {[%emt 0:00:45]} Nxd5 {[%emt 0:00:16]} 9. Nde2 {[%emt 0:01:17]} Bb4 {[%emt 0:01:13]} 10. Bg2 {[%emt 0:01:08]} Nc6 {[%emt 0:05:40]} 11. O-O {[%emt 0:01:22]} Nxc3 {[%emt 0:04:03]} 12. Nxc3 {[%emt 0:01:27]} Qxd1 {[%emt 0:02:24]} 13. Rxd1 {[%emt 0:00:08]} Ke7 {[%emt 0:03:23]} 14. Na4 {[%emt 0:00:59]} Rd8 {[%emt 0:05:29]} 15. Be3 {[%emt 0:01:34]} Rxd1+ {[%emt 0:05:55]} 16. Rxd1 {[%emt 0:00:09]} Bd6 {[%emt 0:03:28]} 17. Nb6 {[%emt 0:02:59]} Rb8 {[%emt 0:00:09]} 18. Nc4 {[%emt 0:12:30]} Bc7 {[%emt 0:00:09]} 19. Bc5+ {[%emt 0:00:24]} Ke8 {[%emt 0:05:04]} 20. b3 {[%emt 0:26:14]} Bd7 {[%emt 0:04:58]} 21. Bd6 {[%emt 0:03:55]} Rc8 {[%emt 0:04:31]} 22. a4 {[%emt 0:01:51]} f6 {[%emt 0:15:54]} 23. f4 {[%emt 0:04:12]} Na5 {[%emt 0:05:28]} 24. Nxa5 {[%emt 0:05:36]} Bxa5 {[%emt 0:01:58]} 25. c4 {[%emt 0:03:18]} Bc6 {[%emt 0:01:20]} 26. b4 {[%emt 0:06:09]} Bd8 {[%emt 0:03:44]} 27. c5 {[%emt 0:02:03]} Bxg2 {[%emt 0:05:38]} 28. Kxg2 {[%emt 0:00:05]} Be7 {[%emt 0:00:59]} 29. Bxe7 {[%emt 0:02:23]} Kxe7 {[%emt 0:01:14]} 30. Rd6 {[%emt 0:00:12]} Rc6 {[%emt 0:00:09]} 31. Rd4 {[%emt 0:01:19]} e5 {[%emt 0:06:55]} 32. fxe5 {[%emt 0:04:29]} fxe5 {[%emt 0:00:02]} 33. Rd1 {[%emt 0:00:12]} Ke6 {[%emt 0:01:53]} 34. a5 {[%emt 0:02:56]} e4 {[%emt 0:01:52]} 35. Kf2 {[%emt 0:00:10]} Ke5 {[%emt 0:00:23]} 36. Rd7 {[%emt 0:00:08]} Rf6+ {[%emt 0:00:25]} 37. Ke2 {[%emt 0:00:08]} Rf3 {[%emt 0:00:29]} 38. Rxb7 {[%emt 0:00:55]} Rxh3 {[%emt 0:00:07]} 39. Re7+ {[%emt 0:05:33]} Kd4 {[%emt 0:00:27]} 40. Rd7+ {[%emt 0:01:06]} Kc4 {[%emt 0:00:30]} 41. c6 {[%emt 0:00:10]} Kxb4 {[%emt 0:00:13]} 42. Rd4+ {[%emt 0:00:53]} Kb5 {[%emt 0:03:37]} 43. Rc4 {[%emt 0:00:16]} Kxc4 {[%emt 0:00:05]} 44. c7 {[%emt 0:00:04]} Kd4 {[%emt 0:00:05]} 45. c8=Q {[%emt 0:00:05]} Rh2+ {[%emt 0:00:05]} 46. Kf1 {[%emt 0:00:08]} Ke3 {[%emt 0:00:42]} 47. Qc3+ {[%emt 0:00:08]} 1-0

[Event "V Open Semana Santa Alicante 2021"]
[Site "Alicante"]
[Date "2021.03.31"]
[Round "1.9"]
[White "Oreshkin, Vladislav"]
[Black "Argandona Riveiro, Inigo"]
[Result "0-1"]
[WhiteElo "1859"]
[BlackElo "2435"]
[Annotator "NA"]
[PlyCount "90"]
[EventDate "2021.03.31"]
[EventType "swiss"]
[EventCountry "ESP"]
[SourceTitle "playchess.com"]
[Source "ChessBase"]
[SourceQuality "1"]
[TimeControl "5400+30"]

1. b3 {[%emt 0:00:00]} e5 {[%emt 0:00:00]} 2. Bb2 {[%emt 0:00:00]} Nc6 {[%emt 0:00:00]} 3. e3 {[%emt 0:00:00]} Nf6 {[%emt 0:00:00]} 4. Bb5 {[%emt 0:00:06]} Bd6 {[%emt 0:00:00]} 5. Na3 {[%emt 0:00:29]} Na5 {[%emt 0:00:00]} 6. Be2 {[%emt 0:00:13]} a6 {[%emt 0:00:02]} 7. c4 {[%emt 0:03:33]} Qe7 {[%emt 0:03:01]} 8. Nc2 {[%emt 0:01:37]} c5 {[%emt 0:00:21]} 9. d3 {[%emt 0:03:02]} Nc6 {[%emt 0:04:53]} 10. Bf3 {[%emt 0:06:17]} Bc7 {[%emt 0:01:50]} 11. Ne2 {[%emt 0:03:23]} h5 {[%emt 0:08:20]} 12. Nc3 {[%emt 0:07:37]} g5 {[%emt 0:00:54]} 13. Qe2 {[%emt 0:05:25]} g4 {[%emt 0:04:12]} 14. Be4 {[%emt 0:04:27]} Ba5 {[%emt 0:04:19]} 15. O-O-O {[%emt 0:03:11]} Bxc3 {[%emt 0:00:37]} 16. Bxc3 {[%emt 0:00:04]} Nxe4 {[%emt 0:07:12]} 17. dxe4 {[%emt 0:00:11]} d6 {[%emt 0:11:53]} 18. Qd3 {[%emt 0:04:31]} Rh6 {[%emt 0:00:16]} 19. a3 {[%emt 0:08:50]} Bd7 {[%emt 0:05:06]} 20. f4 {[%emt 0:06:47]} gxf3 {[%emt 0:05:39]} 21. gxf3 {[%emt 0:00:11]} O-O-O {[%emt 0:00:21]} 22. Rdg1 {[%emt 0:05:35]} Rf6 {[%emt 0:02:33]} 23. Qe2 {[%emt 0:01:57]} h4 {[%emt 0:02:00]} 24. Ne1 {[%emt 0:03:33]} Rg6 {[%emt 0:02:15]} 25. Qf2 {[%emt 0:01:40]} Rdg8 {[%emt 0:00:35]} 26. Kd2 {[%emt 0:06:52]} Kc7 {[%emt 0:07:56]} 27. Rxg6 {[%emt 0:01:02]} fxg6 {[%emt 0:01:46]} 28. Rg1 {[%emt 0:01:04]} b5 {[%emt 0:03:48]} 29. Qe2 {[%emt 0:00:35]} Kb6 {[%emt 0:01:12]} 30. cxb5 {[%emt 0:02:56]} axb5 {[%emt 0:00:03]} 31. Nc2 {[%emt 0:00:33]} Qf7 {[%emt 0:02:56]} 32. b4 {[%emt 0:01:36]} Be6 {[%emt 0:01:02]} 33. Qf2 {[%emt 0:01:42]} g5 {[%emt 0:02:38]} 34. f4 {[%emt 0:03:15]} gxf4 {[%emt 0:01:49]} 35. Rxg8 {[%emt 0:00:07]} fxe3+ {[%emt 0:00:27]} 36. Qxe3 {[%emt 0:03:00]} Qxg8 {[%emt 0:00:04]} 37. bxc5+ {[%emt 0:02:19]} dxc5 {[%emt 0:00:07]} 38. a4 {[%emt 0:01:11]} bxa4 {[%emt 0:02:44]} 39. Qf2 {[%emt 0:02:12]} Qg5+ {[%emt 0:01:16]} 40. Ne3 {[%emt 0:01:23]} Nd4 {[%emt 0:01:38]} 41. Kd3 {[%emt 0:00:17]} Qd8 {[%emt 0:06:48]} 42. Qb2+ {[%emt 0:01:04]} Kc6 {[%emt 0:00:18]} 43. Nc2 {[%emt 0:03:30]} Nb3+ {[%emt 0:04:49]} 44. Ke2 {[%emt 0:00:13]} Bc4+ {[%emt 0:01:00]} 45. Kf2 {[%emt 0:01:15]} Qf6+ {[%emt 0:00:16]} 0-1